000 01396cam a22004214i 4500
003 PE-LiUPU
005 20250731184543.0
008 150623s r 000 0 d
035 _a(Sirsi) a26426
040 _aPE-LiUPU
_bspa
_cPE-LiUPU
_erda
082 0 4 _a973.7
_bM56
_221
110 2 _aColour Library Books
245 1 0 _aMichigan :
_ba picture book to remember her by /
_cColour Library Books.
264 1 _aNew York, NY :
_bCrescent Books,
_c1986.
300 _a[s. p.] :
_bilustraciones fotos ;
_c27 cm.
336 _atext
_2rdacontent
337 _aunmediated
_2rdamedia
338 _avolume
_2rdacarrier
505 0 _aMichigan a picture book to remember her by.
526 _aP136
526 _aP135
526 _aP134
526 _aP133
526 _aP144
526 _aP143
526 _aP87
526 _aP35
526 _aP20
526 _aP14
526 _aP10
526 _aP06
650 0 4 _aMichigan
_xDescripciones y viajes
_vLáminas.
942 _2ddc
_cBOOK
949 _a973.7 M56
_wDEWEY
_c1
_i51702
_lCCODEBUL1
_mBUL
_p5.00
_r0
_sY
_tBOOK
_u2015-06-24
_xTEOLOGIA
_PP35
_0COMPRA
_o.STAFF. Colección General
596 _a1
999 _a973.7 M56
_wDEWEY
_c33456
_i51702
_f2021-11-11
_g5
_lCCODEBUL1
_mBUL
_p5.00
_r0
_sY
_tBOOK
_u2015-6-24
_xTEOLOGIA
_PP35
_0COMPRA
_o.STAFF. Colección General
_d33456
980 _81
_gALBERTO SANCHEZ Responsable de Automatización